Statistics for Discography By Band

Click here to take the quiz!

General Stats

  • This quiz has been taken 10 times
  • The average score is 18 of 48

Answer Stats

Answer% Correct
The BeatlesAbbey Road
88%
The BeatlesThe Beatles
88%
The BeatlesYellow Submarine
88%
The BeatlesHelp!
75%
The BeatlesLet It Be
75%
The BeatlesRubber Soul
75%
The BeatlesSgt. Pepper's Lonely Hearts Club Band
75%
The BeatlesA Hard Day's Night
63%
The BeatlesBeatles For Sale
63%
The BeatlesMagical Mystery Tour
63%
The BeatlesPlease Please Me
63%
The BeatlesRevolver
63%
The BeatlesWith The Beatles
63%
MetallicaMetallica
50%
NirvanaNevermind
50%
Metallica...And Justice For All
38%
MetallicaDeath Magnetic
38%
MetallicaHardwired...To Self-Destruct
38%
Iron MaidenIron Maiden
38%
MetallicaKill 'Em All
38%
MetallicaLoad
38%
MetallicaMaster Of Puppets
38%
MetallicaReload
38%
MetallicaRide The Lightning
38%
MetallicaSt. Anger
38%
Guns N' RosesAppetite For Destruction
25%
Guns N' RosesChinese Democracy
25%
Iron MaidenThe Number Of The Beast
25%
Iron MaidenThe X Factor
25%
Iron MaidenA Matter Of Life And Death
13%
NirvanaBleach
13%
Iron MaidenBrave New World
13%
Iron MaidenDance Of Death
13%
Iron MaidenFear Of The Dark
13%
Guns N' RosesGN'R Lies
13%
NirvanaIn Utero
13%
Iron MaidenKillers
13%
Iron MaidenNo Prayer For The Dying
13%
Iron MaidenPiece Of Mind
13%
Iron MaidenPowerslave
13%
Iron MaidenSeventh Son Of A Seventh Son
13%
Iron MaidenSomewhere In Time
13%
Iron MaidenThe Book Of Souls
13%
Iron MaidenThe Final Frontier
13%
Guns N' RosesThe Spaghetti Incident?
13%
Guns N' RosesUse Your Illusion I
13%
Guns N' RosesUse Your Illusion II
13%
Iron MaidenVirtual XI
13%

Score Distribution

Percentile by Number Answered

Percent of People with Each Score

Your Score History

You have not taken this quiz